| 000 | 01069cab a2200265 4500 | ||
|---|---|---|---|
| 001 | E88767 | ||
| 008 | 090401t1997 xxu||||| |||| 00| 0 eng d | ||
| 035 | _a(Sirsi) u83155 | ||
| 041 | _aeng | ||
| 245 | _aLivingstone v East of Scotland Water Authority | ||
| 260 | _c1997 | ||
| 350 | _a0 | ||
| 490 |
_aScots Law Times _v1997 SLT(Lands Tr) 28-46(19) |
||
| 520 | _aLands Tribunal for Scotland. 20 February 1997. Landlord and tenant - public sector housing - tenants` rights - purchase of dwellinghouse - failure by landlord to issue timeously either offer to sell or noticce of refusal - reference to Lands Tribunal - landlords claiming tenancy not secure - whether Lands Tribunal bound to issue offer to sell - Housing (Scotland) Act 1987 (c 26), s 71(1)(a) and 2(a). | ||
| 650 | _aHOUSING (SCOTLAND) ACT 1987 | ||
| 650 | _aLANDS TRIBUNAL FOR SCOTLAND | ||
| 650 | _aLTS | ||
| 650 | _aPUBLIC SECTOR HOUSING | ||
| 650 | _aSCOTLAND | ||
| 650 | _aSCOTS LAW | ||
| 650 | _aTENANTS' RIGHTS | ||
| 690 | _aHOUSING-CASE LAW | ||
| 942 | _n0 | ||
| 948 | _c16/01/1998 | ||
| 999 |
_c52526 _d52526 |
||